FIFA 19 Carniball Cards - Statistics

General Stats
  • This quiz has been taken 22 times
  • The average score is 13 of 26
Answer Stats
Position Nationality Rating Answer % Correct
CAM Brazil 94 Neymar Jr.
93%
GK France 91 Hugo Lloris
86%
ST Italy 91 Ciro Immobile
71%
CF Belgium 91 Dries Mertens
71%
RW Argentina 92 Paulo Dybala
71%
RM USA 88 Christian Pulisic
64%
LM France 89 Franck Ribery
64%
CF Argentina 90 Alejandro Gomez
57%
CB Italy 89 Leonardo Bonucci
57%
CF Germany 89 Thomas Muller
57%
CB Belgium 90 Toby Alderweireld
57%
LB France 87 Benjamin Mendy
50%
ST Brazil 88 Gabriel Jesus
50%
RB Spain 86 Hector Bellerin
50%
ST Argentina 91 Mauro Icardi
50%
RB USA 86 DeAndre Yedlin
43%
CAM Brazil 87 Hulk
43%
ST USA 84 Timothy Weah
43%
CAM Brazil 88 Anderson Talisca
36%
CB Germany 87 Antonio Rudiger
36%
CM Germany 86 Emre Can
36%
CM Italy 87 Giacomo Bonaventura
29%
ST Spain 88 Inaki Williams
29%
CM Spain 90 Thiago
29%
LM Belgium 86 Anthony Limbombe
21%
CAM France 86 Hatem Ben Arfa
14%
No matching quizzes found
Score Distribution
Percent of People with Each Score
Percentile by Number Answered
Your Score History
You have not taken this quiz